[Event "Floripa Chess Open 2024"]
[Site "Florianopolis"]
[Date "2024.01.21"]
[Round "2.126"]
[White "Montini, Thiago De Lima Mill"]
[Black "Donatti, Sofia"]
[Result "1-0"]
[WhiteElo "1800"]
[BlackElo "1767"]
[PlyCount "99"]
[EventDate "2024.01.20"]
[EventRounds "10"]
[EventCountry "BRA"]

1. e4 {Marin,M} c5 2. Nf3 Nc6 3. d4 cxd4 4. Nxd4 e5 5. Nf3 d6 6. Bc4 Be7 7. Be3
Nf6 8. Nc3 O-O 9. O-O a6 10. a4 ({RR} 10. Re1 b5 ({RR} 10... Na5 11. Bf1 Be6
12. Nd5 Bxd5 13. exd5 b5 14. b3) ({RR} 10... h6 11. a3 Be6 12. Nd5 b5 13. Ba2
Rc8 14. Nd2 Bxd5 15. exd5 Nb8 16. c4) 11. Bf1 ({RR} 11. Bb3 Rb8 12. Bg5 Nd7 13.
Bxe7 Qxe7 14. Nd5 Qd8 15. c3 Nc5 16. Bc2 a5 17. b4 axb4 18. cxb4 Ne6) 11... Rb8
12. Bg5 Ng4 ({RR} 12... b4 13. Bxf6 bxc3 14. Bxe7 Nxe7) 13. Bd2 ({RR} 13. Bxe7
Nxe7 14. a3 Bb7 15. Qd2 Qc7 16. Rad1 Rfd8 17. h3 Nf6) 13... Be6 14. Nd5 h6 15.
h3 Nf6 16. c4 Qd7 17. b3 Bd8 18. Rc1 Bxd5 19. cxd5 Ne7 20. Bd3 Bb6 21. Nh4 g5
22. Nf3 Rfc8 23. Rxc8+ Rxc8 24. Nh2 Ng6 {Anand,V (2779)-Topalov,V (2783)
Morelia/Linares 2007 CBM 117 [Marin,M] 1/2-1/2}) 10... Bg4 ({RR} 10... h6 11.
Bb3 Bg4 12. h3 Bh5 13. g4 Bg6 14. Nd2 Nd4 15. f4 Nxb3 16. cxb3 exf4 17. Bxf4
Rc8 18. Qe2 Re8 19. Rad1 d5 20. e5 Nd7 21. e6 Nf6 22. exf7+ Bxf7 23. Qg2 Bc5+
24. Kh2 d4 25. Nce4 {Thake,C (1773)-Das Chagas,D (1955) chess.com INT 2023 0-1
(50)}) 11. h3 Bh5 12. Qe2 Bg6 $146 ({RR} 12... Rc8 13. Rad1 Qc7 14. Nd5 Nxd5
15. Bxd5 Nb4 16. c3 Nxd5 17. Rxd5 f5 18. Bc1 Bf7 19. Rfd1 Bxd5 20. Rxd5 Qc4 21.
Qxc4 Rxc4 22. exf5 Rxa4 23. g4 Ra1 24. Rd1 g6 25. Nd2 gxf5 26. gxf5 Rxf5 {
0-1 (26) Billaux,E-Vandevoort,P (2275) Huy 1991}) ({RR} 12... Rc8 13. Rfd1 Qc7
14. Bb3 h6 15. Rac1 Na5 16. Bd5 Nc4 17. Rb1 Nxb2 18. Rxb2 Qxc3 19. Rxb7 Nxd5
20. Rxd5 Rfe8 21. Qxa6 Qxc2 22. Nd2 Bg6 23. f3 Bf8 24. a5 Rc3 25. Kf2 f5 26.
Qb5 f4 27. Bb6 {Heredia Tarrats,A (2173)-Riera Danes,M (2063) Barcelona 2009
1-0 (59)}) 13. Bd5 Qc7 14. Rad1 Nb4 15. Bg5 Nbxd5 16. Nxd5 Nxd5 17. Rxd5 f6 18.
Bh4 Bf7 19. Rfd1 Bxd5 20. Rxd5 Rac8 21. c3 Qc4 22. Qc2 Rf7 23. Nd2 Qc6 24. f3
Bd8 25. Bf2 Bb6 26. Bxb6 Qxb6+ 27. Kh2 g6 28. Nf1 f5 29. a5 Qc6 30. Qd1 fxe4
31. Rxd6 Qb5 32. Rd5 Qxb2 33. fxe4 Qxc3 34. Ng3 Rcf8 35. Qg4 Kh8 36. Qg5 Rf6
37. Rxe5 b5 38. axb6 Rxb6 39. Re7 Qf6 40. Qc5 Rb5 41. Qa3 Rb2 42. Qc5 Rb5 43.
Qa3 Rb2 44. Qc5 a5 45. Qa7 a4 46. e5 Qh4 47. e6 Rb3 48. Qc7 a3 49. Rf7 Re8 50.
Qe5+ 1-0

[Event "Floripa Chess Open 2024"]
[Site "Florianopolis"]
[Date "2024.01.21"]
[Round "2.127"]
[White "Gorgen, Antonio Rebello Hor"]
[Black "Felix, Raimundo Nascimento"]
[Result "0-1"]
[WhiteElo "1793"]
[BlackElo "1749"]
[PlyCount "90"]
[EventDate "2024.01.20"]
[EventRounds "10"]
[EventCountry "BRA"]

1. Nf3 Nf6 2. g3 g6 3. b3 Bg7 4. Bb2 O-O 5. Bg2 d5 6. O-O Re8 7. c4 c6 8. d4
Ne4 9. Nfd2 ({RR} 9. Nbd2 Bf5 10. Nh4 Nxd2 11. Qxd2 Be6 12. Rac1 a5 13. e4 a4
14. Rfe1 axb3 15. axb3 Ra2 16. exd5 cxd5 17. Rxe6 fxe6 18. Bh3 Qb6 19. Re1 e5
20. cxd5 Qxd4 21. Bxd4 Rxd2 22. Be3 Rd3 23. Be6+ Kh8 {Aronian,L (2785)
-Mamedyarov,S (2768) Doha 2016 0-1 (34)}) 9... Nxd2 10. Nxd2 Bf5 11. e4 $146 ({
RR} 11. e3 Be6 12. Qc2 Nd7 13. h3 Nf6 14. g4 Qd7 15. Rae1 h5 16. f3 Rad8 17.
Ba3 b5 18. cxb5 cxb5 19. Rc1 Rc8 20. Qd3 Qb7 21. Bb4 a6 22. Bc5 hxg4 23. hxg4
Nd7 24. b4 Nb6 25. Bxb6 Qxb6 {Kazakouski,V (2558)-Sargsyan,A (2354) chess.com
INT 2023 1-0 (48)}) 11... dxe4 12. Nxe4 Nd7 13. Qd2 Qb6 14. Rad1 Rad8 15. Rfe1
Nf8 16. Bc3 Qc7 17. Qb2 e5 18. d5 cxd5 19. Rxd5 Rxd5 20. cxd5 Bxe4 21. Bxe4 f5
22. Bd3 e4 23. Bxg7 Qxg7 24. Qxg7+ Kxg7 25. Kf1 Rd8 26. Bc4 Nd7 27. g4 Nb6 28.
gxf5 gxf5 29. f3 Re8 30. d6 Kf6 31. Bb5 Re5 32. d7 Ke7 33. Rd1 Rd5 34. Rxd5
Nxd5 35. Bc4 Nf6 36. Ke2 Kxd7 37. h3 Kd6 38. Bf7 Ke5 39. h4 Kf4 40. h5 h6 41.
a4 a5 42. Bg6 Nd5 43. Bf7 Ke5 44. Bg8 Kd4 45. Bh7 Nf4+ 0-1

[Event "Floripa Chess Open 2024"]
[Site "Florianopolis"]
[Date "2024.01.21"]
[Round "2.128"]
[White "Goncalves, Adriana Emiliana"]
[Black "De Almeida, Guilherme Pereira"]
[Result "0-1"]
[WhiteElo "1744"]
[BlackElo "1731"]
[PlyCount "84"]
[EventDate "2024.01.20"]
[EventRounds "10"]
[EventCountry "BRA"]

1. e4 d6 2. d4 Nf6 3. Nc3 e5 4. dxe5 dxe5 5. Qxd8+ Kxd8 6. a3 Be6 7. Bg5 ({RR} 
7. Nf3 Nbd7 8. Ng5 Nc5 9. Be3 Bd6 10. Nxe6+ Nxe6 11. f3 c6 12. O-O-O Ke7 13.
Be2 b5 14. Rd3 a5 15. Rhd1 Bc7 16. a4 b4 17. Nb1 c5 18. Nd2 Nd4 19. Bxd4 exd4
20. g3 h5 21. Nc4 h4 {Mak,X (1733)-Fronda,J (2154) Jakarta INA 2023 0-1 (54)})
7... Nbd7 8. Nf3 Kc8 9. O-O-O $146 ({RR} 9. Nd2 h6 10. Bxf6 gxf6 11. Bc4 c6 12.
Bxe6 fxe6 13. Nc4 Kc7 14. Ke2 h5 15. g3 Rd8 16. Rad1 b5 17. Ne3 a5 18. Na2 Bh6
19. b3 Nc5 20. f3 Rh7 21. Rxd8 Kxd8 22. Rd1+ Kc7 23. Nc1 Bf8 {Abbura,D (1745)
-Gussone,C (1885) Turin 2005 1/2-1/2 (31)}) 9... c6 10. Bh4 Kc7 11. Ng5 b5 12.
Nxe6+ fxe6 13. Bg3 Nh5 14. Be2 Nxg3 15. hxg3 Bc5 16. f4 exf4 17. gxf4 Be3+ 18.
Kb1 Bxf4 19. Rhf1 Rhf8 20. Bg4 Rae8 21. Ne2 Bd6 22. Nd4 Rxf1 23. Rxf1 Nf8 24.
b4 Kb6 25. Rf7 Be5 26. Nb3 Bd6 27. Na5 Ng6 28. Rb7+ Ka6 29. a4 Bxb4 30. axb5+
cxb5 31. Be2 Kxa5 32. Rxb5+ Ka4 33. Rh5 Rb8 34. c4 Ba3+ 35. Ka1 Bb2+ 36. Ka2
Bc3 37. Bd1+ Kb4 38. Rxh7 Rh8 39. Rxh8 Nxh8 40. Bg4 a5 41. Bxe6 Ng6 42. Kb1 Nf4
0-1

[Event "Floripa Chess Open 2024"]
[Site "Florianopolis"]
[Date "2024.01.21"]
[Round "2.130"]
[White "Reis, Virginia Lagrange M"]
[Black "Antunes, Luan Netto Nikifork"]
[Result "1-0"]
[WhiteElo "1676"]
[BlackElo "1797"]
[PlyCount "73"]
[EventDate "2024.01.20"]
[EventRounds "10"]
[EventCountry "BRA"]

1. e4 c5 2. Nf3 Nc6 3. Bb5 g6 4. O-O Bg7 5. Re1 e5 6. d3 Nge7 7. a4 ({RR} 7.
Bg5 h6 8. Bxe7 Nxe7 9. Nc3 O-O 10. Bc4 d6 11. Nd5 Nc6 12. c3 Kh7 13. a4 Be6 14.
h3 Rc8 15. Ne3 Bd7 16. Bd5 Qe7 17. a5 Rb8 18. Qd2 Nd8 19. Bc4 Ne6 20. Nd5 Qd8
21. b4 cxb4 {Carlsen,M (2859)-Dubov,D (2708) chess24.com INT 2022 1-0 (37)}) ({
RR} 7. Be3 d6 8. Nbd2 O-O 9. Nc4 Nd4 10. Ba4 f5 11. Nxd4 cxd4 12. Bg5 h6 13.
Bxe7 Qxe7 14. Bb3 Kh7 15. f4 fxe4 16. fxe5 d5 17. Nd6 Bxe5 18. Nxc8 Qh4 19. g3
Bxg3 20. Re2 Bf2+ 21. Kh1 Raxc8 {Fabris,A (2230)-Shkuran,D (2329) chess.com
INT 2024 0-1}) 7... O-O 8. c3 $146 ({RR} 8. h3 h6 9. Nbd2 Kh7 10. Nc4 d6 11. a5
Nd4 12. Nxd4 cxd4 13. c3 d5 14. exd5 Qxd5 15. Ba4 dxc3 16. bxc3 Bf5 17. Ba3 Bf6
18. Bxe7 Bxe7 19. Rxe5 Qxd3 20. Qxd3 Bxd3 21. Nb2 Bf6 22. Nxd3 Bxe5 {Mantovani,
R (2371)-Bonanno,A (2132) Bratto 2005 1-0 (37)}) ({RR} 8. Bg5 Qb6 9. Nbd2 d6
10. Nc4 Qc7 11. a5 Be6 12. Nfd2 f5 13. f4 fxe4 14. Nxe4 Nf5 15. fxe5 Nxe5 16.
Bf4 Nxc4 17. Bxc4 Bxc4 18. dxc4 Bxb2 19. Qd5+ Kg7 20. Rab1 Bd4+ 21. Kh1 Rf7 22.
a6 Qa5 {Bonham,K-Van Dijk,D Mount Buller 2004 1-0}) 8... Re8 9. Bg5 Qc7 10. Bc4
d6 11. Qd2 Be6 12. Na3 d5 13. Nb5 Qd7 14. Bxe7 Rxe7 15. exd5 Bxd5 16. Bxd5 Qxd5
17. Rad1 a6 18. Na3 Rd8 19. Qc2 e4 20. dxe4 Qe6 21. Rxd8+ Nxd8 22. Qd2 Rd7 23.
Qe3 Qc6 24. Nc2 b5 25. axb5 axb5 26. Qe2 Ne6 27. g3 b4 28. Qc4 bxc3 29. bxc3
Qd6 30. e5 Qd3 31. Qxd3 Rxd3 32. Re3 Rxe3 33. Nxe3 Nd8 34. Kf1 Kf8 35. Ke2 Ke7
36. Kd3 Ne6 37. Nc4 1-0

[Event "Floripa Chess Open 2024"]
[Site "Florianopolis"]
[Date "2024.01.21"]
[Round "2.131"]
[White "Dos Santos Dutra, Fernando Junior Fre"]
[Black "Costa Neto, Luis Antonio"]
[Result "1-0"]
[WhiteElo "2262"]
[BlackElo "1415"]
[PlyCount "89"]
[EventDate "2024.01.20"]
[EventRounds "10"]
[EventCountry "BRA"]

1. d4 e6 2. e4 d5 3. e5 c5 4. c3 a6 5. Nf3 Nc6 6. a3 c4 ({RR} 6... Bd7 7. Be2
Rc8 8. b4 cxd4 9. cxd4 Na7 10. O-O Bb5 11. Bb2 Nh6 12. Nc3 Bxe2 13. Qxe2 Qd7
14. Qd1 b6 15. Qd3 Qb7 16. Ne2 Nf5 17. Rac1 Be7 18. g4 Nh6 19. h3 O-O 20. Ng3
Kh8 21. Nd2 {Darini,P (2496)-Tologontegin,S (2370) Abu Dhabi 2016 1/2-1/2 (39)}
) 7. b4 ({RR} 7. g3 Na5 8. Nbd2 g5 9. Bg2 h5 {1/2-1/2 (9) Pinho,P (2179)
-Larino Nieto,D (2491) Mondariz 2017}) 7... Bd7 8. a4 $146 ({RR} 8. g3 Nge7 9.
h4 h5 10. Bg5 Qb6 11. Nbd2 Nf5 12. a4 Nxb4 13. Rb1 Qa5 14. Bxc4 dxc4 15. Nxc4
Qc7 16. Nd6+ Bxd6 17. exd6 Qxc3+ 18. Bd2 Nc2+ {0-1 (18) Krainski,S (2168)-Graf,
P (2134) Poznan 2006}) ({RR} 8. g4 Be7 9. h4 h6 10. Bg2 b6 11. Be3 Qc7 12. Nbd2
f6 13. Qc2 O-O-O 14. a4 fxe5 15. b5 Nb8 16. Nxe5 Be8 17. Ke2 Nf6 18. bxa6 Nxa6
19. Rhb1 Bd6 20. Qb2 Nd7 21. a5 bxa5 22. Rxa5 Ndb8 {Andreev,V (1999)-Maslov,V 
(2116) Alushta 2010 1-0}) 8... Na7 9. Be2 Ne7 10. O-O Nec6 11. Qd2 Be7 12. Qf4
h6 13. Qg3 Bf8 14. Bd1 Qe7 15. Nh4 O-O-O 16. f4 g6 17. Qf2 Qe8 18. Nd2 Be7 19.
Ndf3 Qg8 20. g3 Rf8 21. Bd2 g5 22. fxg5 hxg5 23. Ng2 Qh7 24. Ne3 f5 25. exf6
Bxf6 26. Qe2 Be8 27. Ng4 Qe4 28. Qxe4 dxe4 29. Nxg5 Bxg5 30. Bxg5 Rxf1+ 31.
Kxf1 Rg8 32. h4 Bh5 33. Nf6 Bxd1 34. Nxg8 Bf3 35. Nf6 Nxd4 36. cxd4 Nc6 37. d5
exd5 38. Nxd5 Kd7 39. b5 axb5 40. axb5 Nd4 41. Nc3 Kd6 42. Bf4+ Kc5 43. Be3 b6
44. Ra8 Bg4 45. Ke1 1-0

[Event "Floripa Chess Open 2024"]
[Site "Florianopolis"]
[Date "2024.01.21"]
[Round "2.132"]
[White "De Oliveira, Yuri Garcia"]
[Black "Goncalves, Eduardo Moutinho"]
[Result "1-0"]
[WhiteElo "1997"]
[BlackElo "1414"]
[PlyCount "55"]
[EventDate "2024.01.20"]
[EventRounds "10"]
[EventCountry "BRA"]

1. c4 Nf6 2. Nc3 d5 3. cxd5 Nxd5 4. Nf3 g6 5. h4 Bg7 6. h5 e5 ({RR} 6... Nc6 7.
d4 Bf5 8. Bd2 e5 9. dxe5 Nxe5 10. e4 Nxc3 11. Bxc3 Qe7 12. Bb5+ c6 13. Bxe5
Bxe5 14. exf5 Bxb2+ 15. Be2 Rd8 16. Qb1 Bc3+ 17. Kf1 gxf5 18. a4 Bxa1 19. Qxa1
Rg8 20. Rh4 Rg4 21. g3 {Aronian,L (2782)-Svidler,P (2750) Nice 2010 0-1 (41)})
({RR} 6... Nxc3 7. bxc3 c5 8. Qb3 Nc6 9. Ng5 e6 10. Ne4 b6 11. d3 f5 12. Bg5
Qc7 13. h6 Be5 14. Nd2 O-O 15. Rc1 Na5 16. Qa4 Bb7 17. Qh4 f4 18. Nf3 Rf5 19.
Rh3 Raf8 20. e4 R5f7 21. Be2 {Harvey,M (2462)-Kilpatrick,C (2409) England ENG
2022 0-1 (34)}) 7. h6 $146 ({RR} 7. Qb3 Nb6 8. d3 Be6 9. Qd1 Nc6 10. Ne4 f6 11.
Nc5 Qe7 12. Nxe6 Qxe6 13. hxg6 hxg6 14. Rxh8+ Bxh8 15. Bd2 O-O-O 16. e3 g5 17.
Be2 Kb8 18. Qb3 Qf5 19. Bc3 Qh7 20. O-O-O g4 21. Nd2 f5 {Dambrauskas,V (2360)
-Toma,K (2238) Frydek Mistek 2006 0-1 (56)}) 7... Bf6 8. e4 Nb6 9. d3 Nc6 10.
Be3 Bg4 11. Be2 Qd7 12. a4 Bxf3 13. gxf3 a5 14. Rc1 Nb4 15. Bxb6 cxb6 16. d4
Qxd4 17. Bb5+ Ke7 18. Qb3 Rhd8 19. Rd1 Qc5 20. O-O Bh4 21. Rc1 Qd6 22. Rfd1 Qf6
23. Nd5+ Nxd5 24. exd5 Qd6 25. Qc4 Rab8 26. Qxh4+ f6 27. f4 exf4 28. Re1+ 1-0

[Event "Floripa Chess Open 2024"]
[Site "Florianopolis"]
[Date "2024.01.21"]
[Round "2.133"]
[White "Nascimento, Bianca Alencar De S"]
[Black "Nascimento, Pedro Henrique Alve"]
[Result "0-1"]
[WhiteElo "1389"]
[BlackElo "1946"]
[PlyCount "60"]
[EventDate "2024.01.20"]
[EventRounds "10"]
[EventCountry "BRA"]

1. e4 e6 2. d4 d5 3. e5 c5 4. c3 Qb6 5. a3 Bd7 6. Nf3 Bb5 7. Bd3 Bxd3 8. Qxd3
Nc6 9. b4 cxd4 10. cxd4 Nh6 11. O-O Nf5 12. Bb2 Be7 13. Nbd2 O-O 14. Nb3 Rac8
15. Bc3 $146 ({RR} 15. Rfc1 Nh4 16. Nxh4 Bxh4 17. Nc5 Rfd8 18. Rc2 Bg5 19. g3
Be7 20. Rac1 a6 21. Kg2 Qa7 22. f4 g6 23. h4 Bxc5 24. dxc5 b6 25. cxb6 Qxb6 26.
Bd4 Qb7 27. Bc5 Nb8 28. Kf2 Nd7 29. Qd4 Rc6 {Hertel,H (1860)-Giese,S (2040)
Werther 2006 1-0 (54)}) 15... Qd8 16. b5 Nb8 17. Ba5 b6 18. Bd2 Rc4 19. a4 Qd7
20. Rfc1 Rfc8 21. Ne1 a6 22. bxa6 Nxa6 23. a5 bxa5 24. Rxa5 Nb4 25. Qb1 Nc6 26.
Nc5 Bxc5 27. Rxc4 dxc4 28. Rxc5 Ncxd4 29. Rxc8+ Qxc8 30. Bc3 Ne2+ 0-1

[Event "Floripa Chess Open 2024"]
[Site "Florianopolis"]
[Date "2024.01.21"]
[Round "2.134"]
[White "Zabala, Antonio Murara"]
[Black "Mantovani, Helio Cardoso"]
[Result "1-0"]
[WhiteElo "1797"]
[BlackElo "1382"]
[PlyCount "85"]
[EventDate "2024.01.20"]
[EventRounds "10"]
[EventCountry "BRA"]

1. e4 e5 2. Nf3 Nc6 3. Bb5 d6 4. O-O Bg4 5. h3 Bxf3 6. Qxf3 Nf6 7. Nc3 $146 ({
RR} 7. c3 d5 8. exd5 Qxd5 9. Qxd5 Nxd5 10. Re1 Bd6 11. d4 O-O 12. Bxc6 bxc6 13.
dxe5 Rae8 14. Bg5 Rxe5 15. Rxe5 Bxe5 16. Nd2 Bf4 17. Bxf4 Nxf4 18. Nf3 Nd3 19.
b3 Re8 20. Kf1 Nf4 21. Rd1 Nd5 {Vescovi,K (1801)-Villas Boas,J Sao Paulo 2014
1-0 (41)}) ({RR} 7. d3 d5 8. Bg5 Bc5 9. Nc3 d4 10. Nd5 Be7 11. Rad1 O-O 12. Qg3
Qd6 13. Bh6 Rfd8 14. Qxg7# {1-0 (14) Gustmann,M-Brodmann,J Neumuenster 2005})
7... Be7 8. a3 O-O 9. Bc4 Re8 10. Ne2 Bf8 11. d3 g6 12. c3 h6 13. h4 Qe7 14.
Ng3 Nh7 15. h5 g5 16. Nf5 Qf6 17. Qg4 Kh8 18. Bd2 Ne7 19. Ng3 Bg7 20. Rae1 Nc6
21. Re3 Rf8 22. Rf3 Qe7 23. Nf5 Qe8 24. Re3 Ne7 25. Ng3 Qc8 26. Qe2 f5 27. exf5
Nxf5 28. Nxf5 Rxf5 29. d4 Qf8 30. Bd3 exd4 31. cxd4 Rf7 32. Bg6 Rd7 33. Qd3 Nf6
34. Rfe1 a6 35. d5 c6 36. dxc6 bxc6 37. Bc3 d5 38. Re6 Rd6 39. Bxf6 Bxf6 40.
Re8 Rxe8 41. Rxe8 Qxe8 42. Bxe8 Re6 43. Qg6 1-0

[Event "Floripa Chess Open 2024"]
[Site "Florianopolis"]
[Date "2024.01.21"]
[Round "2.136"]
[White "Campora, Edgardo"]
[Black "Koinski, Carlos Cesar"]
[Result "1-0"]
[WhiteElo "1720"]
[BlackElo "1371"]
[PlyCount "53"]
[EventDate "2024.01.20"]
[EventRounds "10"]
[EventCountry "BRA"]

1. e4 c5 2. Nf3 Nc6 3. d4 cxd4 4. Nxd4 a6 5. c3 ({RR} 5. Nb3 Nf6 6. Bd3 d5 7.
exd5 Qxd5 8. O-O Nb4 9. Nc3 Qd8 10. Be2 Qxd1 11. Bxd1 Bf5 12. Nd4 Bg6 13. a3 e5
14. axb4 exd4 15. Re1+ Kd7 16. Na4 Bxb4 17. c3 Rae8 18. Bd2 Rxe1+ 19. Bxe1 dxc3
{Cioara,A (2345)-Mihalko,J (2305) Nyiregyhaza 1998 0-1 (34)}) ({RR} 5. Bc4 Ne5
6. Bb3 e6 7. f4 Nc6 8. Be3 Na5 9. Qd2 Nxb3 10. cxb3 Nf6 11. Nc3 Bb4 12. Qd3 d5
13. exd5 Nxd5 14. O-O Nxe3 15. Qxe3 Bc5 16. Rad1 O-O 17. Qe5 Ba7 18. Kh1 Qe8
19. Qg5 h6 {Amorim Filho,R (1216)-Koinski,C (1450) Florianópolis - Santa
Catari 2023 1-0}) 5... e6 6. Be3 $146 ({RR} 6. Be2 Nf6 7. Nd2 Be7 8. O-O O-O 9.
Qc2 Ne5 10. N2f3 Ng6 11. h3 d5 12. e5 Ne8 13. Re1 Nc7 14. Be3 Bd7 15. Bd3 Be8
16. Nh2 f6 17. exf6 Bxf6 18. Ng4 Bf7 19. Qe2 Re8 20. Nxf6+ gxf6 {Akopian,S  
(1910)-Rybakova,G Belorechensk 2013 1-0 (47)}) ({RR} 6. Be2 Nf6 7. Qc2 Qc7 8.
Be3 Be7 9. O-O O-O 10. Nd2 d6 11. Rac1 Bd7 12. Bd3 Rac8 13. Qd1 e5 14. N4b3 Ng4
15. Qe1 f5 16. exf5 Bxf5 17. Bxf5 Rxf5 18. h3 Nxe3 19. fxe3 Rcf8 20. Rxf5 Rxf5
{Akopian,S (1806)-Kidanov,V (1869) Armavir 2015 0-1 (75)}) 6... Be7 7. Bd3 Nf6
8. O-O Ne5 9. Bc2 d6 10. Nd2 h6 11. h3 Bd7 12. f4 Nc6 13. Qe1 e5 14. Nf5 Bxf5
15. exf5 O-O 16. Rd1 Nd5 17. fxe5 Nxe3 18. Qxe3 Nxe5 19. Ne4 f6 20. Ng3 Qc7 21.
Nh5 Rfe8 22. Qg3 Bd8 23. Rxd6 Kh8 24. Bb3 Re7 25. Rxf6 Qc5+ 26. Kh1 Bc7 27.
Nxg7 1-0

[Event "Floripa Chess Open 2024"]
[Site "Florianopolis"]
[Date "2024.01.21"]
[Round "2.137"]
[White "Szuba, Joao Gabriel Muniz"]
[Black "Vaz, Pedro Henrique Lins"]
[Result "1-0"]
[WhiteElo "1709"]
[BlackElo "1359"]
[PlyCount "37"]
[EventDate "2024.01.20"]
[EventRounds "10"]
[EventCountry "BRA"]

1. e4 e5 2. Nf3 Nc6 3. Bc4 Bc5 4. c3 Nf6 5. d3 O-O 6. O-O d6 7. Re1 Bg4 ({RR} 
7... Bb6 8. Bb3 Be6 9. Nbd2 Bxb3 10. axb3 d5 11. Qe2 Re8 12. b4 a6 13. h3 h6
14. Nf1 Qd7 15. Nh4 Rad8 16. Ra3 Ne7 17. c4 c6 18. Ng3 Qe6 19. Nhf5 Nxf5 20.
Nxf5 Kh7 21. Qf3 Ng8 22. b3 {Inarkiev,E (2663)-Ni,H (2681) Nizhnij Novgorod
2007 1/2-1/2 (75)}) 8. h3 Bh5 9. Nbd2 Qd7 ({RR} 9... a6 10. Bb3 b5 11. Nf1 Na5
12. Bc2 Bb6 13. b4 Nb7 14. a4 c5 15. axb5 axb5 16. Rb1 c4 17. Ng3 Bg6 18. d4
exd4 19. Nxd4 Qd7 20. Bg5 Rfe8 21. Bxf6 gxf6 22. Ndf5 Ra2 23. h4 d5 24. h5 {
Song,M (2424)-Ardila,O (1988) chess.com INT 2022 1-0}) 10. a4 $146 ({RR} 10.
Nf1 Kh8 ({RR} 10... Na5) 11. Ng3 Bg6 12. a4 a5 13. Bg5 Nh5 14. Nxe5 dxe5 15.
Nxh5 f5 16. d4 Bb6 17. Bd5 ({RR} 17. d5) 17... fxe4 18. Bxe4 Bxe4 19. Rxe4 Qf5
20. Qg4 exd4 21. Bh4 Qxg4 22. Rxg4 dxc3 23. bxc3 Rf7 24. Re1 Raf8 {Armas,J  
(2400)-Tersarkissoff,J (2205) Montpellier 1994 1/2-1/2}) 10... a5 11. Nf1 Rfe8
12. Ng3 Bg6 13. Qb3 Rab8 14. Bg5 Nh5 15. Nf1 h6 16. Be3 Nf4 17. d4 exd4 18.
Bxf4 dxc3 19. bxc3 1-0

[Event "Floripa Chess Open 2024"]
[Site "Florianopolis"]
[Date "2024.01.21"]
[Round "2.138"]
[White "Conor, Gilberto Bordignon"]
[Black "Gurski, Guilherme Rybu"]
[Result "1-0"]
[WhiteElo "1704"]
[BlackElo "1354"]
[PlyCount "49"]
[EventDate "2024.01.20"]
[EventRounds "10"]
[EventCountry "BRA"]

1. e4 c5 2. Nf3 d6 3. d4 cxd4 4. Nxd4 Nf6 5. Nc3 g6 6. Be3 Bg7 7. Bc4 O-O 8. f3
Nc6 9. Qd2 Bd7 10. Bb3 Na5 11. h4 Nxb3 12. axb3 a5 13. h5 Nxh5 14. g4 Nf6 15.
Qh2 $146 ({RR} 15. Bh6 Bxh6 16. Qxh6 e6 17. g5 Nh5 18. Nf5 f6 19. Rxh5 Rf7 20.
Nxd6 Rg7 21. Rh2 fxg5 22. e5 Bc6 23. Nce4 Bxe4 24. Nxe4 Qd4 25. Qxg5 Rf8 26.
Rd1 Qxb2 27. Rd8 Qa3 28. Nd6 Qb4+ 29. Ke2 Qb6 {Bjornsson,S (2395)-Karason,A  
(2224) Reykjavik 2014 1-0 (32)}) 15... h5 16. Nde2 hxg4 17. Nd5 Nh5 18. Ng3 Re8
19. Nxh5 gxh5 20. Qxh5 f6 21. Qg6 Rf8 22. Rh7 Rf7 23. Kd2 Kf8 24. Rah1 e6 25.
Rh8+ 1-0

[Event "Floripa Chess Open 2024"]
[Site "Florianopolis"]
[Date "2024.01.21"]
[Round "2.139"]
[White "Cabral, Vivian De Paiva"]
[Black "Rodrigues, Natanael Isau"]
[Result "1-0"]
[WhiteElo "1358"]
[BlackElo "1704"]
[PlyCount "45"]
[EventDate "2024.01.20"]
[EventRounds "10"]
[EventCountry "BRA"]

1. e4 b6 2. Nc3 Bb7 3. d4 e6 4. Bd3 g6 5. Nf3 Bg7 6. Be3 ({RR} 6. Ne2 d6 7. c3
Nd7 8. h4 h6 9. Ng3 Ngf6 10. Qe2 a6 11. Bd2 Qe7 12. O-O-O b5 13. Rhe1 Nb6 14.
e5 Nfd5 15. h5 g5 16. exd6 cxd6 17. Nf5 Qf8 18. a4 Kd7 19. Nxg7 Qxg7 20. axb5
axb5 {Antipov,M (2609)-Ipatov,A (2644) chess.com INT 2021 1-0 (58)}) ({RR} 6.
h4 h6 7. Bf4 d6 8. Qd2 Nd7 9. O-O-O a6 10. Kb1 b5 11. Rhe1 Ne7 12. Qe3 Qb8 13.
Nd2 Qa7 14. Nb3 Qb6 15. a4 Bc6 16. a5 Qa7 17. Na2 Bb7 18. Nb4 c5 19. dxc5 dxc5
20. Bxb5 axb5 {Vivas Zamora,F (2346)-Harsh,S (2239) chess.com INT 2023 0-1})
6... a6 $146 ({RR} 6... Ne7 7. Qd2 h6 8. O-O-O d6 9. Kb1 Nd7 10. h4 a6 11. Ne1
c5 12. Ne2 b5 13. c3 Qc7 14. f4 O-O-O 15. Nf3 f5 16. Ng3 c4 17. Bc2 Nf6 18. e5
Ng4 19. Qe2 Nxe3 20. Qxe3 Nd5 21. Qd2 {Whale,N (1864)-Ipatov,A (2644) chess.
com INT 2021 0-1 (35)}) ({RR} 6... Nf6 7. O-O O-O 8. Re1 d5 9. Bg5 h6 10. Bxf6
Bxf6 11. e5 Bg7 12. Qd2 Nc6 13. a3 Ne7 14. Re2 Nf5 15. Bxf5 gxf5 16. Qf4 a5 17.
Nh4 Qg5 18. g3 Qxf4 19. gxf4 c5 20. Rd2 Ba6 21. Rb1 {Hernandez,J-Castillo,M
Merida 1997 0-1 (53)}) 7. Qd2 b5 8. a3 d6 9. Ne2 h6 10. Ng3 Nd7 11. c4 bxc4 12.
Bxc4 d5 13. exd5 exd5 14. Bd3 Ne7 15. Rc1 Nc6 16. O-O h5 17. Bg5 Qb8 18. Rfe1+
Kf8 19. Bc2 Bc8 20. Ba4 Na7 21. Qe2 Bf6 22. Bxd7 Bxg5 23. Nxg5 1-0

[Event "Floripa Chess Open 2024"]
[Site "Florianopolis"]
[Date "2024.01.21"]
[Round "2.140"]
[White "De Haro, Martim Afonso Palma"]
[Black "Balbinotti, Rafael Tiago Busane"]
[Result "1-0"]
[WhiteElo "1704"]
[BlackElo "1345"]
[PlyCount "43"]
[EventDate "2024.01.20"]
[EventRounds "10"]
[EventCountry "BRA"]

1. d4 d5 2. Nf3 c6 3. g3 Nf6 4. Bg2 Bf5 5. O-O e6 6. c4 dxc4 7. Ne5 Bd6 ({RR} 
7... Be4 8. Bxe4 Nxe4 9. Nxc4 c5 10. Nc3 Nxc3 11. bxc3 Nc6 12. Be3 cxd4 13.
cxd4 Qd5 14. Qb3 b5 15. Nd2 Bb4 16. Qxd5 exd5 17. Nb3 a5 18. Rfc1 Kd7 19. Nc5+
Kc7 20. a3 Bxc5 21. Rxc5 b4 22. Rxd5 {Fridman,D (2588)-Tregubov,P (2628)
playchess.com INT 2004 1/2-1/2 (78)}) ({RR} 7... Nbd7 8. Nxc4 Nb6 9. b3 Nxc4
10. bxc4 Qb6 11. Qb3 Qxb3 12. axb3 Bc2 13. Nd2 Bb4 14. Ra2 Bg6 15. Ba3 Bxa3 16.
Rxa3 O-O 17. Rfa1 a6 18. b4 Rad8 19. Nb3 Ne8 20. e3 Nd6 21. Bf1 Be4 22. Be2 {
Gao,M (1172)-Li,Z (1700) Nanjing CHN 2023 1-0 (48)}) 8. Nxc4 O-O 9. Nc3 $146 ({
RR} 9. Bg5 Be7 10. Nc3 h6 11. Bxf6 Bxf6 12. e4 Bg6 13. Ne2 Nd7 14. Nf4 Bh7 15.
Ne2 Nb6 16. Ne3 Qd7 17. Qd2 Rad8 18. Rfd1 Qc7 19. Qb4 Rd7 20. Rac1 Be7 21. Qb3
c5 22. d5 e5 23. f4 Bd6 {Hartmann,C (1607)-Schmidt,D (1390) Schoenhagen 2009 1/
2-1/2 (35)}) 9... Qc7 10. e4 b5 11. Nxd6 Qxd6 12. exf5 exf5 13. Nxb5 cxb5 14.
Bxa8 Nbd7 15. Bg2 Ne4 16. Qd3 Ndc5 17. Qxb5 a6 18. Qc4 Ne6 19. d5 N6c5 20. Be3
Rc8 21. b4 g6 22. Bxc5 1-0